| 000 | 00385nam a2200145Ia 4500 | ||
|---|---|---|---|
| 005 | 20240626053235.0 | ||
| 008 | 240331s9999 xx 000 0 und d | ||
| 082 |
_a082 _bUNT |
||
| 245 | 3 |
_aAn Untimely Death : _ba commemoration of K.Kanthasamy |
|
| 260 |
_aColombo _b Kanthasamy Commemoration _c1989 |
||
| 300 | _a108 p ., | ||
| 650 | _acompany law | ||
| 650 | _ahuman rights | ||
| 942 | _cL | ||
| 999 |
_c657 _d657 |
||